00589nas a22001817a 4500003000400000005001700004008004100021022001400062040000800076245006600084260003800150300001800188310004000206650004000246856009500286942001100381999001500392IIN20260519161913.0260519c2024 |||hr|j| |||| 00| 0 eng d a2583-3243 aIIN aInternational Journal of Research in Medical Surgical Nursing aUttar PradeshbMAT Journalsc2020 aVol. 1, No. 1 aTri-annualbApril, August, December aMedical SurgicalvResearchxNursing uhttps://matjournals.com/International-Journal-of-Research-in-Medical-Surgical-Nursing.html cSERs1 c1896d1896